Lifehouse Charting Songs (Billboard Hot 100) - Statistics

General Stats
  • This quiz has been taken 12 times
  • The average score is 4 of 9
Answer Stats
Album Weeks On Peak Artist(s) Song % Correct
Lifehouse 62 Weeks #5 Lifehouse You and Me
91%
No Name Face 54 Weeks #2 Lifehouse Hanging by a Moment
64%
Who We Are 26 Weeks #26 Lifehouse First Time
55%
Who We Are 15 Weeks #83 Lifehouse Broken
45%
Smoke & Mirrors 20 Weeks #50 Lifehouse Halfway Gone
36%
Who We Are 20 Weeks #33 Lifehouse Whatever It Takes
36%
Almería 2 Weeks #79 Lifehouse ft. Natasha Bedingfield Between the Raindrops
27%
Stanley Climbfall 14 Weeks #71 Lifehouse Spin
27%
Smoke & Mirrors 2 Weeks #61 Lifehouse From Where You Are
9%
No matching quizzes found
Score Distribution
Percent of People with Each Score
Percentile by Number Answered
Your Score History
You have not taken this quiz